000 00714nam a2200241 4500
003 OSt
005 20260601171001.0
008 260507b2002\\\\|||o||||\||||\001\0\eng\d
040 _aICI
_bspa
_cICI
050 _aTD794.5
_bM395
100 1 _aMcDonough, William
_931517
245 1 _aCradle to Cradle:
_bRemaking the Way We Make Things
264 _bNorth Point Press
_c2002
_aChina
300 _a360 páginas
336 _atexto
_2rdacontent
337 _asin medio
_2rdamedia
338 _avolumen
_2rdacarrier
650 _aDesarrollo sustentable
_931518
650 _aDiseño ecológico
650 _aIndustria
_xAspectos ambientales
_931520
700 _aMichael Braungart
_eAutor
_931521
942 _2lcc
_cB
_n1
999 _c20098
_d20098